000 00915nam0a22002531 4500
001 rc\790550
005 20040301143553.1
035 _a(NLR Aleph) 006315844
090 _a7400290
_c7400290
100 _a20040301d1983 u |0rusy50 ca
101 0 _arus
102 _aRU
105 _ay |||||||||
200 1 _aЦелевая ориентация управления проектным институтом
210 _aЛ.
_cЛДНТП
_d1983
215 _a22 с.
_d21
225 1 _aСерия "Экономика, организация и проектирование строительства"
_fЛенингр. дом науч.-техн. пропаганды
320 _aБиблиогр.: с. 21 (7 назв.)
700 1 _aДобрин
_bГ. Н.
_gГеннадий Николаевич
801 0 _aRU
_bNLR
_gpsbo
801 1 _aRU
_bELAR
_2rusmarc
852 _aNLR
_j83-6/5107
942 _cBOOK
980 _aNB